|
|
|
|
| LEADER |
00000nam2a2200000 4500 |
| 001 |
296768 |
| 005 |
20231102000935.0 |
| 035 |
|
|
|a (RuTPU)RU\TPU\book\321876
|
| 090 |
|
|
|a 296768
|
| 100 |
|
|
|a 20150602d1983 k y0rusy50 ca
|
| 101 |
0 |
|
|a rus
|
| 102 |
|
|
|a RU
|
| 105 |
|
|
|a a z 001zy
|
| 200 |
0 |
|
|a Т. 125 : Аналитическая теория чисел и теория функций
|v Ч. 5
|f под ред. Г. В. Кузьминой, О. М. Фоменко
|
| 210 |
|
|
|a Ленинград
|c Наука
|d 1983
|
| 215 |
|
|
|a 203 с.
|c ил.
|
| 320 |
|
|
|a Библиография в конце статей
|
| 461 |
|
1 |
|0 (RuTPU)RU\TPU\book\26131
|t Записки научных семинаров ЛОМИ
|o сборник работ
|f Академия наук СССР (АН СССР), Математический институт им. В. А. Стеклова (МИАН)
|v Т. 125 : Аналитическая теория чисел и теория функций
|d 1979-1991
|
| 606 |
1 |
|
|a Чисел теория
|2 stltpush
|3 (RuTPU)RU\TPU\subj\18752
|9 44127
|
| 606 |
1 |
|
|a Функции, теория
|2 stltpush
|3 (RuTPU)RU\TPU\subj\59510
|9 77024
|
| 610 |
1 |
|
|a однолистные функции
|
| 610 |
1 |
|
|a ортогональные системы
|
| 610 |
1 |
|
|a уравнение Левнера-Куфарева
|
| 610 |
1 |
|
|a регулярные функции
|
| 610 |
1 |
|
|a задачи Дирихле
|
| 610 |
1 |
|
|a конформные радиусы
|
| 610 |
1 |
|
|a автоморфные функции
|
| 610 |
1 |
|
|a разложение
|
| 610 |
1 |
|
|a квадратичные поля
|
| 675 |
|
|
|a 511
|v 4
|
| 675 |
|
|
|a 517.5
|v 4
|
| 702 |
|
1 |
|a Кузьмина
|b Г. В.
|4 340
|
| 702 |
|
1 |
|a Фоменко
|b О. М.
|4 340
|
| 801 |
|
1 |
|a RU
|b 63413507
|c 20150602
|
| 801 |
|
2 |
|a RU
|b 63413507
|c 20181019
|g RCR
|
| 942 |
|
|
|c BK
|